La poesía larense / (Registro nro. 185552)

Detalles MARC
000 -LEADER
campo de control de longitud fija 00753nam a2200217 i 4500
001 - NÚMERO DE CONTROL
campo de control 185552
003 - IDENTIFICADOR DE NÚMERO DE CONTROL
campo de control ES-MaACL
005 - FECHA Y HORA DE LA ÚLTIMA TRANSACCIÓN
campo de control 20230906222450.0
008 - DATOS DE LONGITUD FIJA--INFORMACIÓN GENERAL
campo de control de longitud fija 160708s1951 ve |||| | spa d
080 ## - NÚMERO DE LA CLASIFICACIÓN DECIMAL UNIVERSAL
Número de la Clasificación Decimal Universal 812.134.2(87)-1"18/19"(082)
245 03 - MENCIÓN DEL TÍTULO
Título La poesía larense /
Mención de responsabilidad, etc. selección de Guillermo Morón y Hermann Garmendía.
250 ## - MENCION DE EDICION
Mención de edición Ed. conmemorativa del IV centenario de la ciudad de Barquisimeto.
260 ## - PUBLICACIÓN, DISTRIBUCIÓN, ETC.
Lugar de publicación, distribución, etc. [Caracas] :
Nombre del editor, distribuidor, etc. Edit. Avila Gráfica,
Fecha de publicación, distribución, etc. [1951]
300 ## - DESCRIPCIÓN FÍSICA
Extensión 403 p. ;
Dimensiones 23 cm.
490 1# - MENCIÓN DE SERIE
Mención de serie Biblioteca de cultura larense ;
Designación de volumen o secuencia 1
700 0# - ENTRADA AGREGADA--NOMBRE PERSONAL
Nombre de persona Morón, Guillermo.
9 (RLIN) 83638
700 1# - ENTRADA AGREGADA--NOMBRE PERSONAL
Nombre de persona Garmendía, Hermann.
9 (RLIN) 160125
830 0# - PUNTO DE ACCESO ADICIONAL DE SERIE-TÍTULO UNIFORME
Título uniforme Biblioteca de cultura larense ;
Designación de volumen o secuencia 1
9 (RLIN) 192343
852 ## - LOCALIZACIÓN
Ubicación ES-MaACL
Número de control de estantería E-3438
Existencias
Estatus retirado Estado de pérdida Estado de daño No para préstamo Biblioteca de origen Biblioteca actual Ubicación en estantería Fecha de adquisición Fuente de adquisición Total de préstamos Signatura topográfica completa Código de barras Visto por última vez Precio de reemplazo Tipo de ítem Koha
        Biblioteca del Ateneo de Madrid Biblioteca del Ateneo de Madrid Depósito 2 08/07/2016     E-3438 1195564 23/02/2023 23/02/2023 Libro impreso